[Event "HZ Chess Tournament 2013"]
[Site "?"]
[Date "2013.08.04"]
[Round "2"]
[White "Vedder, Richard"]
[Black "Van de Griend, Johan"]
[Result "1-0"]
[WhiteElo "2238"]
[BlackElo "1959"]
[PlyCount "93"]
[EventDate "2013.??.??"]

1. e4 e5 2. Nf3 Nc6 3. Bc4 Nf6 4. d4 exd4 5. O-O Nxe4 6. Re1 d5 7. Bxd5 Qxd5 8.
Nc3 Qa5 9. Nxe4 Be6 10. Neg5 O-O-O 11. Nxe6 fxe6 12. Rxe6 Bd6 13. Bg5 Rdf8 14.
Bh4 Qh5 15. Bg3 Bxg3 16. hxg3 Qd5 17. Re2 g5 18. Rd2 h5 19. Nxd4 Nxd4 20. Rxd4
Qf5 21. Qd2 h4 22. g4 Qf6 23. Rd3 Qxb2 24. Re1 Qf6 25. Rf3 Qg7 26. Rb3 Qf6 27.
Reb1 b6 28. Rf3 Qg7 29. Ra3 Rd8 30. Qe2 c6 31. Qa6+ Qb7 32. Qxa7 Kc7 33. Qxb7+
Kxb7 34. Rab3 b5 35. a4 Rd2 36. axb5 c5 37. Rf3 Rxc2 38. Rf7+ Kb8 39. b6 h3 40.
gxh3 Ra2 41. Rb5 c4 42. Rxg5 c3 43. Kg2 c2 44. Rc5 Ra3 45. f3 Ra2 46. Kg3 Rb2
47. h4 1-0

[Event "HZ Chess Tournament 2013"]
[Site "?"]
[Date "2013.08.04"]
[Round "2"]
[White "Minnema, Rens"]
[Black "Timmermans, Ivo"]
[Result "0-1"]
[WhiteElo "1952"]
[BlackElo "2214"]
[PlyCount "70"]
[EventDate "2013.??.??"]

1. e4 e5 2. Nf3 Nc6 3. Bb5 Nf6 4. O-O Nxe4 5. Re1 Nd6 6. Bxc6 dxc6 7. Nxe5 Be7
8. d4 O-O 9. c3 Re8 10. Nd2 Bf8 11. h3 f6 12. Nd3 Rxe1+ 13. Qxe1 Bf5 14. Qf1 a5
15. Nf3 b6 16. Bf4 Qd7 17. g4 Be6 18. b3 h5 19. Nh2 hxg4 20. hxg4 Bxg4 21. Nxg4
Qxg4+ 22. Qg2 Qxg2+ 23. Kxg2 Kf7 24. Re1 Re8 25. Rxe8 Kxe8 26. c4 Kd7 27. Kf3
Nf5 28. Ke4 g6 29. c5 Ne7 30. Bd2 f5+ 31. Kf3 Bg7 32. Ne5+ Ke6 33. Bg5 Bxe5 34.
dxe5 Nd5 35. cxb6 cxb6 0-1

[Event "HZ Chess Tournament 2013"]
[Site "?"]
[Date "2013.08.04"]
[Round "2"]
[White "Maatman, Nick"]
[Black "Gunther, Marcella"]
[Result "1-0"]
[WhiteElo "2207"]
[BlackElo "1949"]
[PlyCount "37"]
[EventDate "2013.??.??"]

1. c4 c6 2. e4 d5 3. exd5 cxd5 4. cxd5 Qxd5 5. Nc3 Qa5 6. d4 e6 7. Nf3 Nf6 8.
Bd3 Be7 9. O-O O-O 10. Re1 a6 11. Bc2 b5 12. Qd3 Bb7 13. Bg5 g6 14. Ne5 Rd8 15.
Qh3 Nc6 16. Nxf7 Kxf7 17. Bxf6 Bxf6 18. Qxh7+ Bg7 19. Bxg6+ 1-0

[Event "HZ Chess Tournament 2013"]
[Site "?"]
[Date "2013.08.04"]
[Round "2"]
[White "Von Meijenfeldt, Bart"]
[Black "Niewenhuis, Ruud"]
[Result "1-0"]
[WhiteElo "2202"]
[BlackElo "1941"]
[PlyCount "47"]
[EventDate "2013.??.??"]

1. e4 c5 2. Nc3 Nc6 3. Bb5 Nd4 4. Bc4 e6 5. Nge2 a6 6. d3 b5 7. Bb3 Nxb3 8.
axb3 Bb7 9. O-O d5 10. exd5 exd5 11. Bf4 c4 12. Ng3 Qd7 13. Re1+ Be7 14. Qf3 g6
15. Bg5 f5 16. Rxe7+ Nxe7 17. Re1 O-O-O 18. Rxe7 Qd6 19. Qe3 Rd7 20. Re6 Qf8
21. Bf4 cxb3 22. Qe5 Kd8 23. Qb8+ Bc8 24. Qb6+ 1-0

[Event "HZ Chess Tournament 2013"]
[Site "?"]
[Date "2013.08.04"]
[Round "2"]
[White "Krosenbrink, Marcel"]
[Black "Goormachtigh, Johan"]
[Result "0-1"]
[WhiteElo "1949"]
[BlackElo "2182"]
[PlyCount "58"]
[EventDate "2013.??.??"]

1. e4 c5 2. Nc3 Nc6 3. f4 g6 4. Nf3 Bg7 5. Bc4 e6 6. f5 Nge7 7. fxe6 fxe6 8. d3
d5 9. Bb3 b5 10. a4 b4 11. Ne2 dxe4 12. dxe4 Qxd1+ 13. Kxd1 Na5 14. Nd2 O-O 15.
Ke1 Nec6 16. Nc4 Nxb3 17. cxb3 Ba6 18. Be3 Bxc4 19. bxc4 Bxb2 20. Rd1 Ne5 21.
Bxc5 Rfc8 22. Bxb4 Rxc4 23. Bd6 Rxe4 24. Kf2 Rxa4 25. h4 Ng4+ 26. Kf3 Be5 27.
h5 Bxd6 28. Rxd6 Rf8+ 29. Kg3 Nf2 0-1

[Event "HZ Chess Tournament 2013"]
[Site "?"]
[Date "2013.08.04"]
[Round "2"]
[White "Meertens, Martin"]
[Black "Bekkink, Sereyo"]
[Result "1-0"]
[WhiteElo "2177"]
[BlackElo "1937"]
[PlyCount "149"]
[EventDate "2013.??.??"]

1. d4 Nf6 2. c4 g6 3. Nf3 Bg7 4. Nc3 d6 5. g3 Nbd7 6. Bg2 O-O 7. O-O e5 8. h3
a5 9. e4 exd4 10. Nxd4 Nb6 11. b3 a4 12. Be3 axb3 13. axb3 Rxa1 14. Qxa1 Nfd7
15. Rd1 Nc5 16. Qa2 Be6 17. Bf1 Qd7 18. Nxe6 Qxe6 19. Nd5 Nxd5 20. exd5 Qc8 21.
b4 Ne4 22. Rd3 Re8 23. Ra3 h5 24. h4 Nf6 25. c5 dxc5 26. bxc5 Qf5 27. d6 cxd6
28. cxd6 Bf8 29. Rd3 Rd8 30. Bf4 Ne4 31. Rd5 Nc3 32. Rxf5 Nxa2 33. Rd5 Nc3 34.
Rd4 Bg7 35. Rd3 Ne4 36. Bg2 Nc5 37. Rd1 Ne6 38. Bxb7 Nxf4 39. gxf4 Bh6 40. f5
gxf5 41. Kg2 Bf4 42. d7 Kg7 43. Bc6 Be5 44. Re1 Bf6 45. Kh3 Kg6 46. Re8 Kg7 47.
Kg3 Kg6 48. Re2 Rb8 49. Re8 Rd8 50. Bb5 Kg7 51. Kf4 Bxh4 52. Kxf5 Bf6 53. Re1
Bh4 54. Re8 Bf6 55. f3 h4 56. Kg4 Kh6 57. Bc6 Kg7 58. f4 Kh6 59. Kf5 Kg7 60.
Re1 Bd4 61. Rh1 Bf2 62. Rh2 Be1 63. Rg2+ Kf8 64. Re2 Ba5 65. Kg4 Kg7 66. Kxh4
Kf6 67. Kg4 Bb6 68. Kf3 Kf5 69. Re5+ Kf6 70. Ke4 Bc7 71. Re8 Bb6 72. Ba4 Bc7
73. Kd5 Kf5 74. Kc6 Ba5 75. Re5+ 1-0

[Event "HZ Chess Tournament 2013"]
[Site "?"]
[Date "2013.08.04"]
[Round "3"]
[White "Rijnaarts, Sjef"]
[Black "Harikrishna, P."]
[Result "0-1"]
[WhiteElo "2354"]
[BlackElo "2696"]
[PlyCount "74"]
[EventDate "2013.??.??"]

1. e4 g6 2. d4 Bg7 3. Nc3 d6 4. Be3 a6 5. h3 b5 6. Nf3 Bb7 7. a3 Nd7 8. Qd2
Ngf6 9. Bd3 e5 10. dxe5 dxe5 11. O-O-O Qe7 12. Bh6 Bxh6 13. Qxh6 O-O-O 14. Qe3
Rhe8 15. Nd2 Qc5 16. Qe1 Qb6 17. Rf1 Nc5 18. Nb3 Ne6 19. a4 Nf4 20. a5 Qc6 21.
Qe3 Nxg2 22. Qa7 Nf4 23. Na2 Nxd3+ 24. Rxd3 Nxe4 25. Re3 Qc4 26. Rfe1 b4 27. f3
Nd6 28. Nc5 Qxa2 29. Rd3 Qa1+ 30. Kd2 Qxb2 31. Re2 e4 32. Nxb7 e3+ 33. Rexe3
Nc4+ 34. Ke1 Rxe3+ 35. Kf2 Rdxd3 36. Qa8+ Kd7 37. Nc5+ Ke7 0-1

[Event "HZ Chess Tournament 2013"]
[Site "?"]
[Date "2013.08.04"]
[Round "3"]
[White "Krasenkow, Michal"]
[Black "Afek, Yochanan"]
[Result "1-0"]
[WhiteElo "2635"]
[BlackElo "2315"]
[PlyCount "65"]
[EventDate "2013.??.??"]

1. Nf3 Nf6 2. c4 c5 3. Nc3 Nc6 4. d4 cxd4 5. Nxd4 g6 6. e4 Bg7 7. Be3 O-O 8.
Be2 d6 9. O-O Bd7 10. f4 Nxd4 11. Bxd4 Bc6 12. Bf3 a5 13. Qe2 a4 14. Rad1 Qa5
15. e5 Nd7 16. Bxc6 bxc6 17. exd6 exd6 18. Bxg7 Kxg7 19. Qf2 Qb4 20. Qd4+ Kg8
21. Ne4 c5 22. Qxd6 Qxc4 23. Nc3 Ra7 24. Rfe1 Nb8 25. Re4 Qa6 26. Qxc5 Qb7 27.
Rxa4 Rxa4 28. Nxa4 Rc8 29. Qf2 Nd7 30. Nc3 Nf6 31. Qd4 Ng4 32. Nd5 Rc2 33. h3
1-0

[Event "HZ Chess Tournament 2013"]
[Site "?"]
[Date "2013.08.04"]
[Round "3"]
[White "De Jong, Migchiel"]
[Black "Landa, Konstantin"]
[Result "0-1"]
[WhiteElo "2345"]
[BlackElo "2632"]
[PlyCount "92"]
[EventDate "2013.??.??"]

1. e4 c5 2. Nf3 e6 3. g3 b6 4. Bg2 Bb7 5. d3 d5 6. Nbd2 Nf6 7. O-O Nc6 8. c3
Qc7 9. a3 Be7 10. b4 O-O 11. Re1 dxe4 12. dxe4 Ne5 13. Nxe5 Qxe5 14. Qb3 cxb4
15. axb4 Qc7 16. Bb2 Rfd8 17. Re2 a5 18. bxa5 bxa5 19. c4 Nd7 20. Qc3 Bf6 21.
e5 Nxe5 22. Bxb7 Nd3 23. Qc2 Nb4 24. Qe4 Bxb2 25. Rb1 Rab8 26. Rxb2 Rxb7 27.
Nf3 h6 28. Ne5 Rb6 29. Rb3 Rbd6 30. Rf3 Rd4 31. Qe3 f6 32. Ng4 Qe7 33. Rf4 Rd1+
34. Kg2 Nd3 35. Re4 h5 36. Rxe6 Qb7+ 37. f3 hxg4 38. Re8+ Kh7 39. Rxd8 gxf3+
40. Kh3 Ne5 41. Red2 Rxd2 42. Qxd2 Qb1 43. Rd4 Qf1+ 44. Kh4 g5+ 45. Kh5 Qh3+
46. Rh4 Qf5 0-1

[Event "HZ Chess Tournament 2013"]
[Site "?"]
[Date "2013.08.04"]
[Round "3"]
[White "L'Ami, Erwin"]
[Black "Bezemer, Arno"]
[Result "1/2-1/2"]
[WhiteElo "2626"]
[BlackElo "2292"]
[PlyCount "82"]
[EventDate "2013.??.??"]

1. d4 Nf6 2. c4 g6 3. Nf3 Bg7 4. g3 c5 5. Bg2 cxd4 6. Nxd4 d5 7. Nb3 dxc4 8.
Qxd8+ Kxd8 9. Na5 Nc6 10. Nxc4 Be6 11. Nba3 Rc8 12. O-O b5 13. Bxc6 Rxc6 14.
Na5 Ra6 15. Nb7+ Kc8 16. Nc5 Rc6 17. Nxe6 Rxe6 18. Nxb5 Rxe2 19. Nc3 Rc2 20. h3
Rd8 21. Be3 Rxb2 22. Bxa7 Nd5 23. Nxd5 Rxd5 24. Be3 Bd4 25. Rfc1+ Kb7 26. Rab1
Rxb1 27. Rxb1+ Kc6 28. Rc1+ Kd6 29. Bxd4 Rxd4 30. a3 Ra4 31. Rc3 e5 32. Kf1 f5
33. Ke2 Kd5 34. Kd2 e4 35. h4 h6 36. Rb3 g5 37. hxg5 hxg5 38. Kc3 f4 39. Rb5+
Kc6 40. Rxg5 Rxa3+ 41. Kd4 Ra4+ 1/2-1/2

[Event "HZ Chess Tournament 2013"]
[Site "?"]
[Date "2013.08.04"]
[Round "3"]
[White "Beukema, Stefan"]
[Black "Reinderman, Dimitri"]
[Result "0-1"]
[WhiteElo "2321"]
[BlackElo "2598"]
[PlyCount "50"]
[EventDate "2013.??.??"]

1. e4 c5 2. Nf3 Nc6 3. d4 cxd4 4. Nxd4 g6 5. Nc3 Bg7 6. Nb3 Nf6 7. Be3 O-O 8.
Be2 d6 9. O-O Be6 10. f4 a5 11. Nd2 d5 12. e5 d4 13. exf6 exf6 14. Bf2 dxc3 15.
bxc3 f5 16. Bc5 Bxc3 17. Bxf8 Bxa1 18. Qxa1 Qxf8 19. Kh1 Qd6 20. Nf3 Qxf4 21.
Qf6 Re8 22. Bb5 Bd5 23. Nd4 Qe4 24. Nf3 Qxc2 25. Nd4 Qxg2# 0-1

[Event "HZ Chess Tournament 2013"]
[Site "?"]
[Date "2013.08.04"]
[Round "3"]
[White "Lalith, Babu M.R"]
[Black "Tiggelman, Rene"]
[Result "1-0"]
[WhiteElo "2576"]
[BlackElo "2285"]
[PlyCount "43"]
[EventDate "2013.??.??"]

1. d4 d5 2. Nf3 Nf6 3. c4 dxc4 4. e3 Bg4 5. Bxc4 e6 6. h3 Bh5 7. Nc3 Nbd7 8.
O-O Bb4 9. Qb3 Bxc3 10. bxc3 Nb6 11. Ba3 Nxc4 12. Qxc4 Bxf3 13. gxf3 Qd7 14.
Rab1 O-O-O 15. Rb5 Nd5 16. Rfb1 Nb6 17. Qe2 e5 18. Rxe5 Qxh3 19. c4 h5 20. c5
f5 21. Qc2 Rdf8 22. cxb6 1-0

[Event "HZ Chess Tournament 2013"]
[Site "?"]
[Date "2013.08.04"]
[Round "3"]
[White "Timmermans, Mark"]
[Black "Zhao, Xue"]
[Result "1/2-1/2"]
[WhiteElo "2287"]
[BlackElo "2562"]
[PlyCount "146"]
[EventDate "2013.??.??"]

1. e4 c6 2. d4 d5 3. Nd2 dxe4 4. Nxe4 Nd7 5. Nf3 Ngf6 6. Ng3 g6 7. h4 h5 8. Bd3
c5 9. Be3 Ng4 10. O-O Bg7 11. c3 O-O 12. Ng5 cxd4 13. cxd4 Nb6 14. Qb3 Qd6 15.
Rad1 Bd7 16. N5e4 Qd5 17. Nc5 Bc6 18. Nge4 Rfd8 19. Rfe1 Qxb3 20. Nxb3 Nd5 21.
Na5 Be8 22. Nxb7 Rdb8 23. Nbc5 Rxb2 24. Bc4 Ndxe3 25. fxe3 Rb4 26. Bb3 Bh6 27.
Ng5 a5 28. Nd3 Rb5 29. Bc4 Bxg5 30. hxg5 Rxg5 31. Rb1 Rc8 32. Nc5 Bc6 33. e4 e5
34. Ne6 fxe6 35. Bxe6+ Kg7 36. Bxc8 exd4 37. Bb7 Ba4 38. Ba6 Bc2 39. Rb7+ Kh6
40. Re2 Rc5 41. g3 Rc3 42. Rd7 d3 43. Rf2 Nxf2 44. Kxf2 d2 45. Rxd2 Bxe4 46.
Be2 Ra3 47. Bd1 Kg5 48. Bb3 a4 49. Bd1 Bb1 50. Rb2 Bxa2 51. Rb5+ Kf6 52. Ra5
Bb3 53. Bxb3 Rxb3 54. Rxa4 Rd3 55. Rb4 Ke5 56. Ra4 Rd4 57. Ra8 Kf5 58. Kf3 Rd3+
59. Kf2 Rd5 60. Kf3 Kg5 61. Ra3 Kf6 62. Rb3 Kf5 63. Ra3 Ke5 64. Re3+ Kf5 65.
Ra3 g5 66. Ra2 Rd3+ 67. Kg2 Ke4 68. Re2+ Re3 69. Ra2 Kf5 70. Rb2 Rd3 71. Ra2
Ke4 72. Re2+ Kd4 73. Ra2 Ke4 1/2-1/2

[Event "HZ Chess Tournament 2013"]
[Site "?"]
[Date "2013.08.04"]
[Round "3"]
[White "Ernst, Sipke"]
[Black "Verstraeten, Rein"]
[Result "1-0"]
[WhiteElo "2560"]
[BlackElo "2281"]
[PlyCount "79"]
[EventDate "2013.??.??"]

1. d4 Nf6 2. Nf3 g6 3. c4 Bg7 4. Nc3 O-O 5. e4 d6 6. Be2 e5 7. O-O exd4 8. Nxd4
Re8 9. f3 c6 10. Kh1 Nbd7 11. Bf4 Ne5 12. Qd2 d5 13. cxd5 cxd5 14. Bb5 Bd7 15.
Nxd5 Nxd5 16. exd5 Bxb5 17. Nxb5 Nc4 18. Qc2 Nxb2 19. Nc7 Rc8 20. d6 Nd3 21.
Qxd3 Rxc7 22. Rac1 Rd7 23. Qb5 a6 24. Qd5 Bf8 25. Rfe1 Rxe1+ 26. Rxe1 Qf6 27.
Qd2 h5 28. Be5 Qf5 29. h3 Kh7 30. Re4 Bg7 31. Qd4 Bh6 32. Bf6 Bf8 33. Be5 Qe6
34. Bg3 Qxa2 35. Re8 Bg7 36. Be5 f6 37. Bg3 Qf7 38. Rc8 f5 39. Be5 Bxe5 40.
Qxe5 1-0

[Event "HZ Chess Tournament 2013"]
[Site "?"]
[Date "2013.08.04"]
[Round "3"]
[White "Zwirs, Nico"]
[Black "Ikonnikov, Vyacheslav"]
[Result "0-1"]
[WhiteElo "2250"]
[BlackElo "2555"]
[PlyCount "57"]
[EventDate "2013.??.??"]

1. e4 c5 2. Nf3 Nc6 3. d4 cxd4 4. Nxd4 e5 5. Nb5 d6 6. c4 Be7 7. N1c3 a6 8. Na3
Be6 9. g3 Bg5 10. Bxg5 Qxg5 11. Bg2 Qd8 12. O-O Nge7 13. Nd5 Nd4 14. Rc1 Rc8
15. Nxe7 Qxe7 16. Qd3 O-O 17. b3 d5 18. b4 dxc4 19. Nxc4 Qc7 20. Ne3 Qxc1 21.
Rxc1 Rxc1+ 22. Bf1 Bh3 23. f4 Rfc8 24. fxe5 Rxf1+ 25. Nxf1 Rc1 26. e6 Rxf1+ 27.
Qxf1 Bxf1 28. e7 Bb5 29. e8=N 0-1

[Event "HZ Chess Tournament 2013"]
[Site "?"]
[Date "2013.08.04"]
[Round "3"]
[White "Sibriaev, Aleksandr"]
[Black "Zaragatski, Ilja"]
[Result "0-1"]
[WhiteElo "2239"]
[BlackElo "2505"]
[PlyCount "82"]
[EventDate "2013.??.??"]

1. d4 Nf6 2. Nf3 c5 3. g3 cxd4 4. Nxd4 d5 5. Bg2 e5 6. Nb3 Be6 7. O-O Nc6 8.
Bg5 Be7 9. Nc3 d4 10. Bxf6 gxf6 11. Ne4 Qb6 12. c3 f5 13. Ned2 dxc3 14. bxc3 h5
15. Qc2 h4 16. Rab1 hxg3 17. hxg3 Qc7 18. Rfd1 O-O-O 19. Nf1 Rdg8 20. e3 f4 21.
Qe4 fxg3 22. fxg3 Rg4 23. Qc2 f5 24. Rd2 f4 25. exf4 Bxb3 26. Qf5+ Kb8 27. Qxg4
Bc5+ 28. Rf2 Bxa2 29. Rb5 Bxf2+ 30. Kxf2 Bc4 31. Rb2 Rg8 32. Qf3 Na5 33. Ne3
Ba6 34. Qd5 Rf8 35. f5 Rd8 36. Qe4 Qxc3 37. Rc2 Qd4 38. Ra2 Nc4 39. g4 Nd6 40.
Qb1 Qf4+ 41. Bf3 e4 0-1

[Event "HZ Chess Tournament 2013"]
[Site "?"]
[Date "2013.08.04"]
[Round "3"]
[White "Swapnil, S. Dhopade"]
[Black "Doberitz, Paul"]
[Result "1-0"]
[WhiteElo "2489"]
[BlackElo "2254"]
[PlyCount "71"]
[EventDate "2013.??.??"]

1. d4 Nf6 2. c4 c5 3. d5 b5 4. f3 bxc4 5. e4 d6 6. Ne2 e6 7. Nec3 exd5 8. Nxd5
Be6 9. Nbc3 Nbd7 10. Bxc4 Be7 11. O-O O-O 12. Bf4 Bxd5 13. Bxd5 Rb8 14. Qd2 Ne5
15. b3 Qd7 16. Rfd1 Rfd8 17. Rac1 h6 18. Qe2 Bf8 19. Na4 Qc7 20. Qf2 Re8 21. h3
Qa5 22. Rc2 Qa6 23. Qf1 Qa5 24. Qe2 Nfd7 25. Bg3 Nf6 26. Qd2 Qd8 27. Nb2 Nxd5
28. Qxd5 Qf6 29. Nc4 Nxf3+ 30. gxf3 Qxf3 31. Rd3 Qxe4 32. Qxe4 Rxe4 33. Nxd6
Re6 34. Nxf7 Rbe8 35. Nd6 Re3 36. Rcd2 1-0

[Event "HZ Chess Tournament 2013"]
[Site "?"]
[Date "2013.08.04"]
[Round "3"]
[White "Timmermans, Ivo"]
[Black "Burg, Twan"]
[Result "0-1"]
[WhiteElo "2214"]
[BlackElo "2486"]
[PlyCount "84"]
[EventDate "2013.??.??"]

1. e4 c5 2. Nf3 d6 3. d4 cxd4 4. Nxd4 Nf6 5. Nc3 a6 6. Be3 Nbd7 7. f3 e6 8. Qd2
b5 9. g4 b4 10. Na4 h6 11. O-O-O Ne5 12. h4 Bd7 13. b3 Bxa4 14. bxa4 Qa5 15.
Rg1 Qxa4 16. Kb1 Rc8 17. Be2 Nfd7 18. f4 Nc5 19. Bd3 Nexd3 20. cxd3 b3 21. Qb2
bxa2+ 22. Qxa2 Rb8+ 23. Ka1 Qb4 24. Rc1 e5 25. Rc4 Qb7 26. Nc2 Nb3+ 27. Kb2 d5
28. exd5 Qxd5 29. Kc3 Na5 30. Qa4+ Rb5 31. Re4 Be7 32. Rxe5 Qc6+ 33. Kd2 Rxe5
34. Qxc6+ Nxc6 35. fxe5 Nxe5 36. Ra1 Nxg4 37. Rxa6 Bxh4 38. Ra8+ Bd8 39. Bb6
Kd7 40. Ra7+ Ke6 41. Nd4+ Kf6 42. Bc5 Kg6 0-1

[Event "HZ Chess Tournament 2013"]
[Site "?"]
[Date "2013.08.04"]
[Round "3"]
[White "Harika, Dronavalli"]
[Black "Vedder, Richard"]
[Result "1/2-1/2"]
[WhiteElo "2479"]
[BlackElo "2238"]
[PlyCount "63"]
[EventDate "2013.??.??"]

1. Nf3 Nf6 2. c4 e6 3. g3 a6 4. Bg2 b5 5. b3 c5 6. O-O Qb6 7. Qc2 Nc6 8. Bb2
Be7 9. d3 Bb7 10. Nbd2 O-O 11. e4 Rfd8 12. Rae1 d6 13. a3 Nd7 14. Rb1 b4 15. a4
Bf6 16. Bxf6 Nxf6 17. Rfe1 Nd7 18. Rbd1 Nd4 19. Nxd4 cxd4 20. Nf3 Rac8 21. Qb2
e5 22. Nh4 Nc5 23. f4 f6 24. Bf1 Rf8 25. f5 a5 26. g4 Bc6 27. Ra1 Be8 28. Nf3
g5 29. h4 h6 30. Rab1 Rc7 31. Qh2 Rh7 32. h5 1/2-1/2

[Event "HZ Chess Tournament 2013"]
[Site "?"]
[Date "2013.08.04"]
[Round "3"]
[White "Goormachtigh, Johan"]
[Black "Henrichs, Thomas"]
[Result "0-1"]
[WhiteElo "2182"]
[BlackElo "2458"]
[PlyCount "62"]
[EventDate "2013.??.??"]

1. d4 Nf6 2. c4 e6 3. Nf3 d5 4. Nc3 c6 5. Bg5 h6 6. Bxf6 Qxf6 7. Qb3 a5 8. e3
Nd7 9. Be2 g6 10. O-O Bg7 11. cxd5 exd5 12. e4 dxe4 13. Nxe4 Qe7 14. Rfe1 O-O
15. Bd3 a4 16. Qc2 Nb6 17. Nc5 Qd6 18. Rad1 a3 19. bxa3 Rxa3 20. Qb2 Qxc5 21.
dxc5 Bxb2 22. cxb6 Bc3 23. Re3 Ba5 24. Rb1 Be6 25. Rxe6 fxe6 26. Bc4 Rc3 27.
Ne5 Kg7 28. Bf1 Rc2 29. Nc4 Bc3 30. Rd1 Rcxf2 31. g3 e5 0-1

[Event "HZ Chess Tournament 2013"]
[Site "?"]
[Date "2013.08.04"]
[Round "3"]
[White "Dijkhuis, Tycho"]
[Black "Kohlweyer, Bernd"]
[Result "1/2-1/2"]
[WhiteElo "2176"]
[BlackElo "2440"]
[PlyCount "61"]
[EventDate "2013.??.??"]

1. e4 c5 2. Nf3 d6 3. d4 cxd4 4. Nxd4 Nf6 5. Nc3 a6 6. Be3 Nbd7 7. g4 h6 8. Qe2
Qc7 9. Bg2 Ne5 10. h3 g5 11. O-O-O e6 12. f4 gxf4 13. Bxf4 Bd7 14. Rhf1 Be7 15.
Nf3 O-O-O 16. Nxe5 dxe5 17. Bg3 Be8 18. Rxd8+ Bxd8 19. Qf2 Nd7 20. Qa7 Qb8 21.
Qxb8+ Kxb8 22. Nd1 h5 23. Nf2 Kc8 24. Nd3 hxg4 25. hxg4 Bg5+ 26. Kd1 f6 27. Rh1
Rxh1+ 28. Bxh1 Kc7 29. Ke2 b6 30. Nf2 Kd6 31. Nh3 1/2-1/2

[Event "HZ Chess Tournament 2013"]
[Site "?"]
[Date "2013.08.04"]
[Round "3"]
[White "Ducarmon, Quinten"]
[Black "Von Meijenfeldt, Bart"]
[Result "0-1"]
[WhiteElo "2438"]
[BlackElo "2202"]
[PlyCount "108"]
[EventDate "2013.??.??"]

1. e4 c5 2. Nf3 d6 3. d4 cxd4 4. Qxd4 Nc6 5. Bb5 Bd7 6. Bxc6 Bxc6 7. Nc3 Nf6 8.
Bg5 e6 9. Qd3 Be7 10. Nd4 Qa5 11. Bd2 O-O 12. Nd5 Qd8 13. Nxe7+ Qxe7 14. Bg5 h6
15. Bh4 g5 16. Nxc6 bxc6 17. Bg3 d5 18. e5 Qb4+ 19. c3 Qe4+ 20. Kd2 Rab8 21. b3
Qxd3+ 22. Kxd3 Ne4 23. f3 Nxg3 24. hxg3 Kg7 25. Rae1 f6 26. exf6+ Rxf6 27. Kd4
Kf7 28. c4 dxc4 29. Kxc4 Rd8 30. Kc3 Rd5 31. Re4 a5 32. a4 c5 33. Rhe1 Ke7 34.
Kc4 Kd6 35. Kb5 e5 36. Kxa5 Rf8 37. Kb5 Rd4 38. Rxd4+ exd4 39. Kc4 Rb8 40. Rb1
Rb4+ 41. Kd3 c4+ 42. Kxd4 cxb3+ 43. Kc3 Kc5 44. a5 Rb5 45. a6 Ra5 46. Kxb3 Rxa6
47. Rd1 g4 48. f4 Re6 49. Kc2 Re2+ 50. Rd2 Re3 51. f5 Rxg3 52. f6 Ra3 53. f7
Ra8 54. Rf2 Ra2+ 0-1

[Event "HZ Chess Tournament 2013"]
[Site "?"]
[Date "2013.08.04"]
[Round "3"]
[White "Ris, Robert"]
[Black "Meertens, Martin"]
[Result "1/2-1/2"]
[WhiteElo "2424"]
[BlackElo "2177"]
[PlyCount "36"]
[EventDate "2013.??.??"]

1. d4 d5 2. c4 c6 3. Nf3 Nf6 4. g3 Bf5 5. Nc3 Nbd7 6. cxd5 cxd5 7. Qb3 Nb6 8.
Bg2 e6 9. Bf4 Bd6 10. Qb5+ Ke7 11. Nh4 Bc2 12. Rc1 a6 13. Qa5 Bxf4 14. gxf4 Bg6
15. Nf3 Rc8 16. Qb4+ Qd6 17. Qxd6+ Kxd6 18. Ne5 Na4 1/2-1/2

[Event "HZ Chess Tournament 2013"]
[Site "?"]
[Date "2013.08.04"]
[Round "3"]
[White "Grochal, Joey"]
[Black "Van Delft, Merijn"]
[Result "0-1"]
[WhiteElo "2170"]
[BlackElo "2415"]
[PlyCount "110"]
[EventDate "2013.??.??"]

1. d4 d5 2. c4 c6 3. Nc3 Nf6 4. cxd5 cxd5 5. Bf4 Nc6 6. e3 Bg4 7. Qb3 Na5 8.
Qa4+ Bd7 9. Bb5 Nc6 10. Nf3 a6 11. Bxc6 Bxc6 12. Qb3 Nh5 13. O-O f6 14. Na4 e6
15. Rac1 g5 16. Bg3 Nxg3 17. fxg3 Bd6 18. Nc5 Qe7 19. Rfe1 O-O 20. Nd2 Kh8 21.
e4 Rad8 22. Qe3 dxe4 23. Ndxe4 Bb8 24. Nc3 e5 25. b4 Qf7 26. d5 Bxd5 27. Nxd5
Qxd5 28. Qf3 Ba7 29. Red1 Qxf3 30. gxf3 Kg7 31. Kg2 Bxc5 32. bxc5 Rxd1 33. Rxd1
Rc8 34. Rd7+ Kg6 35. Rxb7 Rxc5 36. Rb2 Ra5 37. Kf2 h5 38. Ke3 Ra3+ 39. Ke4 g4
40. fxg4 hxg4 41. Rc2 Ra5 42. Rb2 f5+ 43. Kd3 Ra3+ 44. Ke2 Kg5 45. Rc2 a5 46.
Kf2 Rf3+ 47. Ke2 a4 48. Rc4 Ra3 49. Rc2 f4 50. gxf4+ exf4 51. Kf2 Rf3+ 52. Kg2
Ra3 53. Kg1 Kh4 54. Rb2 Rc3 55. Rd2 a3 0-1

[Event "HZ Chess Tournament 2013"]
[Site "?"]
[Date "2013.08.04"]
[Round "3"]
[White "Bosboom, Manuel"]
[Black "Maris, Ivo"]
[Result "1-0"]
[WhiteElo "2396"]
[BlackElo "2171"]
[PlyCount "77"]
[EventDate "2013.??.??"]

1. Nf3 Nf6 2. g3 g6 3. c4 Bg7 4. Nc3 d5 5. cxd5 Nxd5 6. Bg2 O-O 7. h4 h6 8. Qb3
Nb6 9. d3 a5 10. Be3 Nc6 11. Rc1 Be6 12. Qd1 Nd5 13. Nxd5 Bxd5 14. Qd2 Kh7 15.
Rc5 e6 16. h5 g5 17. O-O f6 18. Rb5 b6 19. Rc1 Na7 20. Rxd5 exd5 21. Qc2 Rc8
22. Bh3 f5 23. Bxf5+ Rxf5 24. d4 Qf6 25. g4 c5 26. dxc5 bxc5 27. Qxf5+ Qxf5 28.
gxf5 d4 29. Bd2 a4 30. Rc4 a3 31. bxa3 Nb5 32. Bb4 d3 33. exd3 g4 34. Nd2 Bd4
35. Ne4 g3 36. Bxc5 gxf2+ 37. Kf1 Rg8 38. Bxd4 Rg1+ 39. Kxf2 1-0

[Event "HZ Chess Tournament 2013"]
[Site "?"]
[Date "2013.08.04"]
[Round "3"]
[White "Van Der Heide, Auke"]
[Black "Leenhouts, Koen"]
[Result "0-1"]
[WhiteElo "2163"]
[BlackElo "2379"]
[PlyCount "106"]
[EventDate "2013.??.??"]

1. d4 Nf6 2. c4 g6 3. Nf3 Bg7 4. g3 c6 5. Bg2 d5 6. Qb3 O-O 7. O-O dxc4 8. Qxc4
Be6 9. Qc2 Bf5 10. Qb3 Qb6 11. Qxb6 axb6 12. a3 b5 13. Bd2 Rd8 14. Nc3 Ne4 15.
e3 Nd7 16. Nxe4 Bxe4 17. Bc3 Nb6 18. Rac1 Na4 19. Ne1 Bxg2 20. Kxg2 e5 21. dxe5
Nxc3 22. Rxc3 Bxe5 23. Rc2 Ra4 24. f4 Bf6 25. Rff2 Rd1 26. Rfe2 b4 27. axb4
Rxb4 28. Kf2 Kf8 29. Nf3 Rb1 30. Nd4 Bxd4 31. exd4 Rxd4 32. Re3 Rb4 33. Ree2
Rd1 34. Rcd2 Rxd2 35. Rxd2 Ke7 36. Ke2 c5 37. Ke3 Rb3+ 38. Ke2 Rb4 39. Ke3 f5
40. Rc2 Kd6 41. Kd3 Kd5 42. Re2 Re4 43. Rf2 b5 44. Kc3 Re3+ 45. Kc2 c4 46. Rd2+
Kc5 47. Rf2 b4 48. Kd2 Kd4 49. Kc2 b3+ 50. Kd2 c3+ 51. bxc3+ Rxc3 52. Kd1 Kc4
53. Re2 Kb4 0-1

[Event "HZ Chess Tournament 2013"]
[Site "?"]
[Date "2013.08.04"]
[Round "3"]
[White "Ratsma, Midas"]
[Black "L'Ami, Alina"]
[Result "1/2-1/2"]
[WhiteElo "2057"]
[BlackElo "2358"]
[PlyCount "93"]
[EventDate "2013.??.??"]

1. d4 Nf6 2. c4 g6 3. g3 Bg7 4. Bg2 O-O 5. Nc3 d6 6. Nf3 c6 7. O-O Bf5 8. e3
Ne4 9. Nxe4 Bxe4 10. b3 b5 11. cxb5 cxb5 12. Qe2 Qb6 13. Bb2 a5 14. Nd2 Bxg2
15. Kxg2 Rc8 16. Rac1 Na6 17. a3 d5 18. h4 Rc7 19. Rxc7 Nxc7 20. Rc1 Ne8 21.
Rc5 Nd6 22. Qd3 e6 23. Qc2 Bf8 24. h5 a4 25. hxg6 hxg6 26. Rc3 Qb7 27. b4 Rc8
28. Rxc8 Qxc8 29. Qc5 Qb7 30. Qc2 Bg7 31. f3 Nc4 32. Nxc4 dxc4 33. Bc3 f5 34.
Qe2 Qd5 35. e4 Qd6 36. Qe3 Kh7 37. f4 fxe4 38. Qxe4 Qd5 39. Qxd5 exd5 40. Kf3
Kg8 41. Kg4 Bh6 42. Bb2 Kf7 43. Bc3 Bf8 44. Bb2 Bd6 45. Bc3 Kf6 46. Bd2 Bc7 47.
Bc3 1/2-1/2

[Event "HZ Chess Tournament 2013"]
[Site "?"]
[Date "2013.08.04"]
[Round "3"]
[White "Akshat, Khamparia"]
[Black "Bijlsma, Nick"]
[Result "1-0"]
[WhiteElo "2354"]
[BlackElo "2166"]
[PlyCount "55"]
[EventDate "2013.??.??"]

1. d4 Nf6 2. c4 g6 3. Nc3 d5 4. e3 Bg7 5. Qb3 dxc4 6. Bxc4 O-O 7. Nf3 c5 8. d5
a6 9. a4 Qc7 10. O-O Nbd7 11. e4 Ne5 12. Nxe5 Qxe5 13. f3 Nh5 14. Be3 Nf4 15.
Rf2 Qc7 16. Kh1 b6 17. Rd2 g5 18. g3 Nh3 19. d6 exd6 20. Nd5 Qa7 21. Qxb6 Be6
22. Qxd6 Rfd8 23. Qxc5 Qxc5 24. Bxc5 g4 25. Rad1 Kh8 26. f4 h5 27. Kg2 a5 28.
b3 1-0